000 00988nam2a2200229 4500
001 rc\2845813
005 20260315050007.0
035 _a(NLR Aleph) 007001650
090 _a13575524
_c13575524
100 _a20110630d1929 u y0rusy50 ca
101 0 _arus
102 _aRU
105 _aa z |||||
200 0 _aЧасть 2
210 _d1929
215 _a114 с., 9 л. прил.
461 0 _1001rc\2845811
_12000#$aПочвоведение$eКурс лекций для студентов ВУЗ. Часть 1-$fпроф. А.Н. Остряков$vЧасть 2
_1700#1$aОстряков$bА.Н.$gАлександр Николаевич$f1871-
_95726961
_aОстряков, А.Н. (1871-)
_cКазань
_d1928
_fпроф. А.Н. Остряков
_nБ. и.
_oКурс лекций для студентов ВУЗ. Часть 1-
_tПочвоведение
_vЧасть 2
801 0 _aRU
_bNLR
_gpsbo
801 1 _aRU
_bELAR
_2rusmarc
852 _aNLR
_j18.388.6.59
942 _cUNSPEC
980 _aNB